[Event "Brasschaat op 03rd"]
[Site "Brasschaat"]
[Date "2003.08.24"]
[Round "2"]
[White "Basic Adil, Adam"]
[Black "Meulenbergs, Jef"]
[Result "0-1"]
[WhiteElo "1515"]
[BlackElo "1793"]
[PlyCount "92"]
[EventDate "2003.08.24"]
[EventType "swiss"]
[EventRounds "9"]
[EventCountry "BEL"]
[SourceTitle "EXT 2017"]
[Source "ChessBase"]
[SourceDate "2016.10.25"]
[SourceVersion "1"]
[SourceVersionDate "2016.10.25"]
[SourceQuality "1"]

1. d4 Nf6 2. Nf3 g6 3. e3 Bg7 4. Bd3 d5 5. Nbd2 0-0 6. 0-0 Nbd7 7. Re1 c5 8. c4 cxd4 9. exd4 dxc4 10. Bxc4 Nb6 11. Bb3 Bg4 12. h3 Bf5 13. Nf1 Be4 14. Ng3 Bd5 15. Be3 Rc8 16. Ne2 Bxf3 17. gxf3 Qd7 18. Kg2 e6 19. Qd2 Nc4 20. Bxc4 Rxc4 21. Rac1 Rfc8 22. b3 Rxc1 23. Rxc1 Ne8 24. Rxc8 Qxc8 25. Qc3 Qxc3 26. Nxc3 Nd6 27. Kf1 Nf5 28. Ne4 Kf8 29. Ke1 Ke8 30. Kd2 Kd7 31. Kd3 a6 32. a4 h5 33. Ng3 Ne7 34. h4 Bf6 35. Bg5 Bxg5 36. hxg5 h4 37. Nf1 Kc6 38. Ke4 Nd5 39. Ke5 b5 40. a5 Kd7 41. Nh2 Ke7 42. Ng4 h3 43. Nh2 Nb4 44. Kf4 Nc6 45. Kg3 Nxd4 46. Kxh3 Nxb3 0-1